000 00639nam a2200181Ia 4500
001 6564
008 260622s9999 xx 000 0 und d
245 0 _aعاجيات نمرود/
_cفؤاد سفر، ميسّر سعيد العراقي
260 _b المؤسسة العامة للآثار و التراث، وزارة الثقافة و العلام، الجمهورية العراق؛
300 _a160p;
_c30x23cm
520 _aIvories from Nimrud/ By Fuad Safer & Muyasser Sa'id Al Iraqi.
546 _aArabic
648 _aAncient
650 _aCC1-960 Archaeology
650 _aPaganism
_99411
651 _aIraq
942 _cBK
999 _c6564
_d6564